| 000 | 00801nam a2200265Ia 4500 | ||
|---|---|---|---|
| 003 | OSt | ||
| 005 | 20220928113048.0 | ||
| 006 | a|||||r|||| 00| 0 | ||
| 007 | ta | ||
| 008 | 220927b |||||||| |||| 00| 0 eng d | ||
| 020 | _cUSD 213.20 | ||
| 024 | _a144439 | ||
| 037 |
_b024, 09/03/2021, Excel Book International _cTextual |
||
| 040 |
_aSDCL _cSDCL _beng |
||
| 041 |
_2eng _aeng |
||
| 082 | _aX:8F, R0 | ||
| 100 |
_aWild John J. _9386039 |
||
| 245 | 0 |
_aFinancial accounting _b Information for decisions |
|
| 250 | _a10th | ||
| 260 |
_aNew York _b McGraw Hill _c2020 |
||
| 300 |
_aVarious Pagenation _ccm. |
||
| 650 | _aBusiness Economics and Finance | ||
| 942 |
_hX:8F, R0 _cTEXL _2CC |
||
| 999 |
_c747910 _d747910 |
||